| 000 | 00630nam a2200193Ia 4500 | ||
|---|---|---|---|
| 005 | 20260616173546.0 | ||
| 008 | 260616s9999||||xx |||||||||||||| ||und|| | ||
| 020 |
_a9780143451112 _qpbk |
||
| 082 |
_a355.0092254 _bARO |
||
| 100 | _aAroor, Shiv | ||
| 245 | 0 | _aIndia's most fearless -3 : new military stories of unimaginable courage and sacrifice | |
| 260 |
_aGurugram _bEbury/Penguin Random House India _c2002 |
||
| 300 | _axii, 294p. ; 20cm. | ||
| 653 | _aIndia--Armed Forces--Biography | ||
| 653 | _aIndia--History, Military--21st century | ||
| 653 | _aSoldiers--India--Biography | ||
| 700 | _aSingh, Rahul | ||
| 942 | _cBK | ||
| 999 |
_c57207 _d57207 |
||